MDQL
is popping MORE tags! Check the
thread
!
Quizzes
Events
Quiz Creation
Community
Videos
Private Events
Remove Ads
Sign In
Join for FREE
Feedback
Dark Mode
Quiz Categories
Sports
Geography
Music
Movies
Television
Just For Fun
Miscellaneous
History
Literature
Language
Science
Gaming
Entertainment
Religion
Holiday
For Kids
Quiz Lab
Recent
Popular Today
Quiz Kudos Today
Editor Picks
Curator Picks
Quizzes by...
Day
Popularity
Type
Ratings
Length
Year
Community
Subscriptions
Recent Discussions
Orange Saloon
Badges
Playlists
Quests
Create
Leaderboards
Showdown
Live 5
Trivia Bingo
Activity
Puzzle Library
Sporcle Events
Private Events
Virtual Trivia
Globe League
Become a Host
Pub Owners
SporcleCon
Opinionation
Our Games
Videos
Blog
Mobile Apps
Partnerships
Remove Ads and Go Orange
Feedback
Television
TV Characters
TV Show
Sitcom
Network
Friends
Reality Shows
Cast
South Park
Star Trek
The Simpsons
Doctor Who
Television
TV Characters
TV Show
Sitcom
Network
Friends
Reality Shows
Cast
South Park
Star Trek
The Simpsons
Doctor Who
Random Quiz
Search Sporcle
×
Curator Pick
Curator Pick
Television
Clickable
Select answers by clicking on text or image buttons
Select answers by clicking on text or image buttons
Clickable
Best Score? Go Orange.
Follow that line twice: Veronica Mars Stats
Pick the three-line sequence from Veronica Mars.
By
JETquiz
10m
19 Questions
1,122 Plays
1,122 Plays
1,122 Plays
Comments
Comments
Give Quiz Kudos
Give Quiz Kudos
-
- Ratings
hide this ad
Random Order
Randomize order of answers
Randomize order of answers
Replay
Link that replays current quiz
Next Quiz
Link to next quiz in quiz playlist
You Got
0%
They Got
Avg Score
78%
Avg Friend Score
Upgrade to see
Score Distribution
Jump to the score distribution portion of the page
Score
0/19
Timer
10:00
1
Play Today
% Correct
I thought our story was epic, you know, you and me.
97.5%
I think I read in Teen People that a clean leg shave will make that special boy sit up and take notice.
92.2%
I just watched our parents cuddle on the couch last night. My eyes - they burn.
91.8%
Forbidden barn? Check.
91%
I printed out the entire browser history from Logan Echolls's computer in his fourth period computer lab class.
89%
I gotta run. The counselor wants to see me before class.
88.8%
Nice gloves. You heading to the parlor to strangle Colonel Mustard after this?
87.6%
So how did she rope you into this?
87.2%
I'm getting lost in the 'sex-nap-eat-repeat' loop.
86.6%
You forwarded it to your whole address book?
85.5%
% Correct
Man, you get everyone to confess.
81.1%
Took this side. Hope that's cool.
79.4%
Have you been playing nice with the other children?
78.5%
Know any good lawyers?
78.5%
What's your poison?
74.2%
There's a woman who saw my mom get out of her car and get in a van with a 'mysterious stranger.'
70.2%
Yeah. I'm definitely gonna need a drink.
69%
It's a good thing we're graduating.
68.9%
Great game the other night man. Eighteen points, eight assists.
64.6%
Quiz Playlist
Details
Report
Send in Message
Add To Playlist
Clickable:
Select answers by clicking on text or image buttons
Random Order:
Randomize order of answers
Last Updated: Feb 16, 2017
Curator Pick in
Follow That Line
Quiz Scoreboard
CHALLENGE
Sign Up to Join the Scoreboard
Show All
Scores
Hide
Comments
May contain spoilers
Recently Published
1-10 Letter E Words III
by El_Dandy
Language
2m
Street Fighter Characters
by Artimus82
Gaming
60s
College Basketball Coaching Resumes
by pancakes188
Sports
9m
More to Explore
Quiz From the Vault
Featured Blog Post
Where Did the Easter Bunny Come From?
hide this ad
You Might Also Like...
Tags
Clickable Quiz
Follow That Line Quiz
Follow
Sequence
Twice
Veronica
Veronica Mars
Today's Top Quizzes in Television
Browse Television
hide this ad
Today's Top Quizzes in Clickable
Browse Clickable
Top Contributed Quizzes in Television
1
Survivor Journey Challenge
2
Adjectives in 80s TV Shows
3
Adjectives in 00s TV Shows
4
5-to-1: The Simpsons Families
5
5-to-1: Television Doctors
6
Adjectives in 10s TV Shows
7
7-to-1: TV Show Settings
8
Adjectives in 70s TV Shows
9
5-to-1: Streaming Originals
10
Survivor Seasons
Explore More
Trending Topics
Harry Potter
Disney
Crossword
Kpop
Anime
NBA
Marvel
Pokémon
Country
Song
The Office
WWE
Puzzle
Soccer
NFL
hide this ad
More By:
JETquiz
Quiz
Plays
Rating
Category
Featured
Created
Follow That Line: Legally Blonde
16,469
4.74
Movies
Mar 26, 2015
Pitch Perfect quotes
5,049
4.80
Movies
Mar 26, 2015
Follow That Line: Bridgerton
3,476
4.35
Television
Feb 2, 2021
Follow That Line: Clueless
2,979
4.81
Movies
Mar 26, 2015
West Wing: Season Two quotes
1,306
4.50
Television
Mar 26, 2015
Go to Creator's Profile
Score Distribution
Quiz Creator Spotlight
JETquiz
Follow
Send a Message
Quizzes Created
-
Created Quiz Play Count
-
More By This Creator
Popular Quizzes Today
1
Find the US States - No Outlines Minefield
2
Find the Countries of Europe - No Outlines Minefield
3
The Countries of the World
4
Find the US States
5
Risky Map Clicking: Biggest States A-Z
6
US States
7
Popular People in 1961
8
Movies - When Are They Set?
More Television Quizzes
Follow That Line: Community Season 5
Quiz Lab
Trending Quizzes
Risky Map Clicking: Least Populous States A-Z
1-10 Letter G Words
USA Borders Longest to Shortest
1-10 Letter F Words
Countries of the World: 200 Million BC
Recently Updated
Leaping Animals
pecheneg
Reality TV Shows (A-Z)
bhenderson79
Rickey Henderson's Hall of Fame Teammates
pecheneg
Champions League XIs: Arsenal
pecheneg
Quick Pick: Celebrities in WWE's Hall of Fame
aduchscher
A-Z Keypad Blitz II
pecheneg
Multiple Oscar Actors
pecheneg
Mystery Phrase Blitz: Oscar 'Best Actors'
pecheneg
F. Scott Fitzgerald Novels
LTH
Pick 3 Villains
ddd62291
Trending Topics
Disney
Crossword
Harry Potter
Kpop
Marvel
NBA
Anime
Pokémon
Soccer
The Office
Country
WWE
Song
NFL
Puzzle
Your Account Isn't Verified!
In order to create a playlist on Sporcle, you need to verify the email address you used during registration. Go to your
Sporcle Settings
to finish the process.
Report this User
Report this user for behavior that violates our
Community Guidelines
.
Details:
Send Report
Go to the Sporcle.com Mobile Site →
Comments